01019nam a2200229 a 450000100100000000500170001000800410002702000150006804000250008310000480010824501820015626000270033830000180036550000210038350400320040450400730043670000440050970000420055371000720059595201050066799900170077200003728820200930080252.0120321s2006 sp 001 0 spa d a8400084144 aDO-SdBNPbspacBNPHU1 aFernández de Caleya, Paloma Blanco96372213aEl estudiante de las hierbas :bdiario del botánico Juan Isern Batlló y Carrera /cPaloma Blanco Fernández de Caleya, Dolores Rodríguez Veiga Isern, Pílar Rodríguez. aMadrid :bCSIC,c2006. a731 p. ;c25. aIncluye índice aBibliografía : p. 661-669 aIncluye referencias bibliográficas y notas al pie de las páginas12aRodríguez Veiga Isern, Doleres96372312aRodríguez Veiga Isern, Pilar9637242 aConsejo Superior de Investigaciones Científicas (España)915178 001050718MOaGRbGRcCTd2012-03-21iLF1l0o p37288-10r2020-06-25w2020-06-25y1ZNo se presta c36778d36778